| 000 | 01000cam a2200241 4500 | ||
|---|---|---|---|
| 001 | ABS63654 | ||
| 008 | 000000n2001 000 0 eng u | ||
| 035 | _a(Sirsi) u111763 | ||
| 100 | _aHamson, L. | ||
| 245 | _aLimited additions | ||
| 260 | _c2001 | ||
| 490 |
_aProperty Week _v66(13) 30 March 2001, 74-75(2) |
||
| 520 | _aDescribes the work, growth, and threat to surveying firms that advise on limited partnerships, of Partnership Incorporations Ltd. Since it was established three years ago, it has taken on the operation of 20% of the UK's £9bn of property tied up in limited partnerships. Suggests that in the main the company is not in competition with the large surveying firms. | ||
| 590 | _aABS | ||
| 650 | _aLIMITED PARTNERSHIPS | ||
| 650 | _aPARTNERSHIP INCORPORATIONS LTD | ||
| 650 | _aPROPERTY-COMMERCIAL PROPERTY | ||
| 650 | _aINVESTMENT | ||
| 650 | _aPROPERTY INVESTMENT | ||
| 650 | _aSURVEYING COMPANIES | ||
| 690 | _aMANAGEMENT-BUSINESS MANAGEMENT | ||
| 942 | _n0 | ||
| 999 |
_c66589 _d66589 |
||